আমিই মিসির আলি / (Record no. 5945)
[ view plain ]
| 000 -LEADER | |
|---|---|
| fixed length control field | 00610nam a22001817a 4500 |
| 003 - CONTROL NUMBER IDENTIFIER | |
| control field | BUBTL |
| 008 - FIXED-LENGTH DATA ELEMENTS--GENERAL INFORMATION | |
| fixed length control field | 190403b xxu||||| |||| 00| 0 eng d |
| 020 ## - INTERNATIONAL STANDARD BOOK NUMBER | |
| International Standard Book Number | 984-8160-121-6 |
| 082 ## - DEWEY DECIMAL CLASSIFICATION NUMBER | |
| Classification number | 891.443 / AHA |
| 100 ## - MAIN ENTRY--PERSONAL NAME | |
| 9 (RLIN) | 1703 |
| Personal name | আহমেদ,হুমায়ূন |
| 245 ## - TITLE STATEMENT | |
| Title | আমিই মিসির আলি / |
| Statement of responsibility, etc. | হুমায়ূন আহমেদ |
| 260 ## - PUBLICATION, DISTRIBUTION, ETC. (IMPRINT) | |
| Place of publication, distribution, etc. | ঢাকা : |
| Name of publisher, distributor, etc. | অন্য প্রকাশ, |
| Date of publication, distribution, etc. | c2000 |
| 300 ## - PHYSICAL DESCRIPTION | |
| Extent | 95 p. : |
| Dimensions | 22 cm. |
| 650 #0 - SUBJECT ADDED ENTRY--TOPICAL TERM | |
| 9 (RLIN) | 1689 |
| Topical term or geographic name as entry element | বাংলা সাহিত্য |
| 856 ## - ELECTRONIC LOCATION AND ACCESS | |
| Password | 0 |
| Logon | 0 |
| Link text | Download |
| 942 ## - ADDED ENTRY ELEMENTS (KOHA) | |
| Source of classification or shelving scheme | |
| Koha item type | Books |
| Withdrawn status | Lost status | Source of classification or shelving scheme | Damaged status | Not for loan | Collection code | Permanent location | Current location | Shelving location | Date acquired | Inventory number | Total Checkouts | Total Renewals | Full call number | Barcode | Date last seen | Date last checked out | Copy number | Price effective from | Koha item type |
|---|---|---|---|---|---|---|---|---|---|---|---|---|---|---|---|---|---|---|---|
| Fiction | Bangladesh University of Business and Technology Library | Bangladesh University of Business and Technology Library | Reference | 10/19/2016 | 22494 | 13 | 3 | 891.443 / AHA | BUBTL-200322494 | 04/21/2024 | 04/21/2024 | C-1 | 04/03/2019 | Books | |||||
| Fiction | Bangladesh University of Business and Technology Library | Bangladesh University of Business and Technology Library | Fiction | 10/19/2016 | 22493 | 6 | 2 | 891.443 / AHA | BUBTL-200322493 | 02/26/2020 | 02/24/2020 | C-2 | 11/13/2019 | Books |
